| 000 | 00721nam a22002297a 4500 | ||
|---|---|---|---|
| 999 |
_c159314 _d159314 |
||
| 005 | 20181213171645.0 | ||
| 006 | a|||||f|||| 00| 0 | ||
| 007 | tc | ||
| 008 | 180720b xxu||||| |||| 00| 0 eng d | ||
| 010 | _aB-079028-B-079029 | ||
| 020 | _c30.00 | ||
| 035 | _aB-079028 | ||
| 037 | _bA.I.C.B. | ||
| 082 | _a480 | ||
| 100 | _aKhan, N. | ||
| 245 |
_aLearninig English _cby N. Khan |
||
| 260 |
_aDelhi _bA.C.I.B. _cN.D. |
||
| 270 |
_aSector-5, Rohini, _bNew Delhi _e110085 _k011-27054082 |
||
| 300 |
_avarious pages. _c30cm(HB). |
||
| 942 |
_2ddc _cBRLEN _h480 _mKHA |
||